00778nam a22001697a 4500003000900000008004100009040007100050082002400121100001800145245005100163260007100214300006200285505020900347650001400556650002500570650001300595AR-CdUCM190405b ||||| |||| 00| 0 spa d aMUNICIPALIDAD PROVINCIAL DEL CUSCOcBIBLIOTECA MUNICIPAL DEL CUSCO a377.1 /bH75 / 1929 aHopkins, Jess aReglamentos oficiales de juegos atléticos /  b(Tall.) Gráficos de la colonia hogar "Ricardo Gutirrez", c1929. aXIII, 502 páginas ;c18 cm.bFiguras, tablas, retratos, aContenido : Una explicación necesaria -- Figuras eminentes en educación física en los países latinoamericanos -- Introducción a la segunda edición -- Estudios sobre la educación moderna ...  aEstudios  aEducación física aModerna